[Event "Washington State-chD"]
[Site "Redmond"]
[Date "2019.02.23"]
[Round "7"]
[White "Kaelin, Alex"]
[Black "Baxter, Brent Lee"]
[Result "1/2-1/2"]
[WhiteElo "1523"]
[BlackElo "1786"]
[PlyCount "97"]
[EventDate "2019.02.16"]
[EventType "tourn"]
[EventRounds "9"]
[EventCountry "USA"]
[SourceTitle "EXT 2023"]
[Source "ChessBase"]
[SourceDate "2022.10.05"]
[SourceVersion "1"]
[SourceVersionDate "2022.10.05"]
[SourceQuality "1"]

1. d4 Nf6 2. Nc3 d5 3. Bf4 c6 4. f3 Bf5 5. g4 Bg6 6. h4 h5 7. g5 Nfd7 8. e4 Nb6 9. a4 e6 10. a5 Nc4 11. Bxc4 dxc4 12. Ra4 Na6 13. Rxc4 Qxa5 14. Ra4 Qb6 15. Nge2 Rd8 16. Be5 Rd7 17. b3 Rg8 18. Qa1 Bd6 19. Bxd6 Rxd6 20. Nd1 c5 21. Ne3 Qc7 22. Nc4 Rd7 23. Ne5 Rd8 24. Nf4 Nb4 25. Qc3 Rxd4 26. Nexg6 fxg6 27. Nxe6 Qg3+ 28. Ke2 Qg2+ 29. Ke3 Nxc2+ 30. Kf4 Qxh1 31. Qxc2 Qxh4+ 32. Ke5 Qg3+ 33. f4 Qd3 34. Qxd3 Rxd3 35. Nxc5 Rd8 36. Rxa7 Rf8 37. Ne6 Rf7 38. Nxd8 Kxd8 39. b4 Kc7 40. Ra5 Rd7 41. Rc5+ Kb6 42. Ke6 Rd4 43. Kf7 Rxe4 44. Kxg6 Rxb4 45. Rf5 h4 46. Kxg7 h3 47. Rf6+ Kc5 48. Rh6 Rxf4 49. Rxh3 1/2-1/2